[Event "Udine Oro Caffe op 1st"]
[Site "Udine"]
[Date "2008.07.05"]
[Round "1"]
[White "Pagnutti, Lorenzo"]
[Black "Santacroce, Fidel"]
[Result "1-0"]
[WhiteElo "2036"]
[BlackElo "1547"]
[PlyCount "61"]
[EventDate "2008.07.05"]
[EventType "swiss"]
[EventRounds "6"]
[EventCountry "ITA"]
[SourceTitle "EXT 2010"]
[Source "ChessBase"]
[SourceDate "2010.11.25"]
[SourceVersion "1"]
[SourceVersionDate "2010.11.25"]
[SourceQuality "1"]

1. e4 c5 2. c3 d5 3. exd5 Qxd5 4. d4 cxd4 5. cxd4 Nc6 6. Nf3 Bg4 7. Be2 Rd8 8. Nc3 Qa5 9. Be3 e5 10. Nxe5 Nxe5 11. Bxg4 Nxg4 12. Qxg4 Nf6 13. Qf3 Bb4 14. 0-0 Bxc3 15. bxc3 0-0 16. c4 b6 17. Rfc1 Rfe8 18. h3 Qb4 19. Rab1 Qa3 20. Rc2 Rc8 21. Qd1 Qa4 22. Qd3 Rc7 23. Qb3 Qd7 24. Rbc1 Ne4 25. Qb5 Qe6 26. Bf4 Rce7 27. Re2 Qg6 28. Rce1 Qf6 29. Rxe4 g5 30. Bxg5 Rxe4 31. Rxe4 1-0

[Event "Udine Province-ch"]
[Site "Udine"]
[Date "2007.11.24"]
[Round "1"]
[White "Santacroce, Fidel"]
[Black "Gentile, Bruno"]
[Result "1-0"]
[WhiteElo "1586"]
[BlackElo "1449"]
[PlyCount "99"]
[EventDate "2007.11.24"]
[EventType "swiss"]
[EventRounds "6"]
[EventCountry "ITA"]
[SourceTitle "EXT 2010"]
[Source "ChessBase"]
[SourceDate "2010.11.25"]
[SourceVersion "1"]
[SourceVersionDate "2010.11.25"]
[SourceQuality "1"]

1. e4 e5 2. Nc3 Bc5 3. Bb5 Nf6 4. h3 a6 5. Be2 d6 6. Nf3 Nc6 7. d3 Be6 8. Ng5 Bd7 9. a3 Nd4 10. b4 Bb6 11. Nf3 Qe7 12. Bg5 c6 13. 0-0 h6 14. Bd2 g5 15. Na4 Ba7 16. c3 Nxe2+ 17. Qxe2 g4 18. hxg4 Bxg4 19. Be3 Nd7 20. Bxa7 Rxa7 21. Qe3 Qe6 22. Nh2 Ra8 23. f4 Qg6 24. Nb6 Rd8 25. a4 h5 26. c4 Rg8 27. Ra2 exf4 28. Rxf4 Be6 29. Nxd7 Rxd7 30. Nf3 Qg3 31. Re2 Rg4 32. Rxg4 Bxg4 33. Qf2 Qf4 34. Re1 f6 35. Nh2 Qg5 36. Nxg4 hxg4 37. Qf5 Qh4 38. Rf1 g3 39. Qh3 Qg5 40. Qe6+ Kd8 41. Qxf6+ Qxf6 42. Rxf6 d5 43. exd5 cxd5 44. c5 Re7 45. Kf1 Kd7 46. Rf3 Rg7 47. Ke2 d4 48. Rf4 Re7+ 49. Kd2 Re3 50. Rxd4+ 1-0

[Event "ITA-ch U20"]
[Site "Porto San Giorgio"]
[Date "2004.08.28"]
[Round "9"]
[White "Longo, Aldo"]
[Black "Santacroce, Fidel"]
[Result "0-1"]
[WhiteElo "1888"]
[BlackElo "1661"]
[PlyCount "98"]
[EventDate "2004.08.20"]
[EventType "swiss"]
[EventRounds "9"]
[EventCountry "ITA"]
[SourceTitle "EXT 2005"]
[Source "ChessBase"]
[SourceDate "2004.11.15"]
[SourceVersion "1"]
[SourceVersionDate "2004.11.15"]
[SourceQuality "1"]

1. e4 c5 2. Nc3 Nc6 3. g3 g6 4. Bg2 Bg7 5. d3 d6 6. f4 a6 7. Nf3 Bg4 8. h3 Bxf3 9. Bxf3 Rb8 10. Be3 Nf6 11. 0-0 0-0 12. g4 Nd7 13. Qd2 Nd4 14. Bg2 b5 15. Rab1 a5 16. Ne2 b4 17. f5 a4 18. Nxd4 cxd4 19. Bh6 Qc7 20. Rf2 b3 21. cxb3 axb3 22. a3 Rfc8 23. Rc1 Qxc1+ 24. Qxc1 Rxc1+ 25. Bxc1 Rc8 26. Bd2 Nc5 27. Bf1 Na4 28. Bf4 Rc2 29. Rxc2 bxc2 30. Bc1 Nc5 31. b4 Nb3 32. Bf4 c1Q 33. Bxc1 Nxc1 34. b5 Nb3 35. Be2 Kf8 36. Bd1 Na5 37. Kf1 Ke8 38. Ke1 Bh6 39. Bc2 Kd7 40. Bb1 gxf5 41. exf5 d5 42. h4 Bc1 43. a4 Kd6 44. Kd1 Be3 45. Kc2 Ke5 46. Ba2 e6 47. fxe6 fxe6 48. Kb2 Kf4 49. Ka3 Bd2 0-1

[Event "ITA-ch U20"]
[Site "Porto San Giorgio"]
[Date "2004.08.25"]
[Round "6"]
[White "Santacroce, Fidel"]
[Black "Pomaro, Alberto"]
[Result "0-1"]
[WhiteElo "1661"]
[BlackElo "1727"]
[PlyCount "74"]
[EventDate "2004.08.20"]
[EventType "swiss"]
[EventRounds "9"]
[EventCountry "ITA"]
[SourceTitle "EXT 2005"]
[Source "ChessBase"]
[SourceDate "2004.11.15"]
[SourceVersion "1"]
[SourceVersionDate "2004.11.15"]
[SourceQuality "1"]

1. e4 c5 2. Nf3 d6 3. d4 cxd4 4. Nxd4 Nf6 5. Nc3 g6 6. Be2 Bg7 7. 0-0 0-0 8. Be3 Nc6 9. Kh1 Bd7 10. a4 a6 11. f4 Rc8 12. f5 Ne5 13. fxg6 hxg6 14. h3 Kh7 15. Rf4 Rh8 16. a5 Kg8 17. Qd2 g5 18. Rff1 g4 19. Nf5 Bxf5 20. exf5 gxh3 21. Bf4 Neg4 22. Ra4 b5 23. axb6 Qxb6 24. Rxa6 Nf2+ 25. Kh2 Qb7 26. gxh3 Rxh3+ 27. Kg1 Rcxc3 28. bxc3 Rh1+ 29. Kxf2 Ne4+ 30. Ke3 Rh3+ 31. Rf3 Nxd2 32. Rxh3 Bxc3 33. Rg3+ Kf8 34. Bh6+ Ke8 35. Rg8+ Kd7 36. Ra3 Qb6+ 37. Kd3 Qd4# 0-1

[Event "ITA-ch U20"]
[Site "Porto San Giorgio"]
[Date "2004.08.24"]
[Round "5"]
[White "Fortino, Fabrizio"]
[Black "Santacroce, Fidel"]
[Result "1-0"]
[WhiteElo "1931"]
[BlackElo "1661"]
[PlyCount "45"]
[EventDate "2004.08.20"]
[EventType "swiss"]
[EventRounds "9"]
[EventCountry "ITA"]
[SourceTitle "EXT 2005"]
[Source "ChessBase"]
[SourceDate "2004.11.15"]
[SourceVersion "1"]
[SourceVersionDate "2004.11.15"]
[SourceQuality "1"]

1. d4 e6 2. e4 d5 3. Nc3 Bb4 4. e5 c5 5. a3 Bxc3+ 6. bxc3 Ne7 7. a4 Nbc6 8. Nf3 Bd7 9. Bd2 Qc7 10. Bd3 Rc8 11. 0-0 Ng6 12. Re1 Na5 13. Ng5 c4 14. Be2 0-0 15. Bh5 h6 16. Nxf7 Rxf7 17. Bxg6 Re7 18. Qg4 Kh8 19. Bg5 Ree8 20. Qh5 Rf8 21. Bxh6 gxh6 22. Qxh6+ Kg8 23. Qh7# 1-0

[Event "ITA-ch U20"]
[Site "Porto San Giorgio"]
[Date "2004.08.22"]
[Round "3"]
[White "Lampl, Gerald"]
[Black "Santacroce, Fidel"]
[Result "0-1"]
[WhiteElo "1841"]
[BlackElo "1661"]
[PlyCount "118"]
[EventDate "2004.08.20"]
[EventType "swiss"]
[EventRounds "9"]
[EventCountry "ITA"]
[SourceTitle "EXT 2005"]
[Source "ChessBase"]
[SourceDate "2004.11.15"]
[SourceVersion "1"]
[SourceVersionDate "2004.11.15"]
[SourceQuality "1"]

1. e4 c5 2. Nf3 d6 3. d4 cxd4 4. Nxd4 Nf6 5. Nc3 a6 6. Bc4 e6 7. Bb3 Be7 8. 0-0 0-0 9. f4 Nc6 10. Be3 Bd7 11. Qf3 Nxd4 12. Bxd4 Bc6 13. Rae1 b5 14. f5 e5 15. Bf2 b4 16. Nd5 Bb5 17. Nxb4 Bxf1 18. Rxf1 Qd7 19. Nd5 Nxd5 20. Bxd5 Rac8 21. Bb3 a5 22. a4 Rc6 23. Be1 Bg5 24. Kh1 Qa7 25. Qg4 Qa6 26. Qf3 Rfc8 27. Bc3 Rxc3 28. bxc3 Rxc3 29. Qd1 h6 30. Re1 Re3 31. Rg1 Qc6 32. Qh5 Qc7 33. Bd5 Ra3 34. Bb3 Qb7 35. Qf3 Qb6 36. Bxf7+ Kxf7 37. Qxa3 Qd4 38. Qb3+ Kf8 39. Qb8+ Kf7 40. Qc7+ Be7 41. Qc6 h5 42. Qd5+ Qxd5 43. exd5 Kf6 44. Rf1 e4 45. g3 Ke5 46. c4 Kd4 47. Re1 Bg5 48. Kg2 e3 49. Kf3 Kxc4 50. h4 Bh6 51. Ke2 Kxd5 52. Rb1 Ke4 53. Rb5 d5 54. Rxa5 d4 55. Ra6 d3+ 56. Ke1 Kf3 57. Re6 e2 58. Rxh6 gxh6 59. Kd2 Kf2 0-1

[Event "ITA-ch U20"]
[Site "Porto San Giorgio"]
[Date "2004.08.21"]
[Round "2"]
[White "Santacroce, Fidel"]
[Black "Mandolini, Riccardo"]
[Result "0-1"]
[WhiteElo "1661"]
[BlackElo "1799"]
[PlyCount "56"]
[EventDate "2004.08.20"]
[EventType "swiss"]
[EventRounds "9"]
[EventCountry "ITA"]
[SourceTitle "EXT 2005"]
[Source "ChessBase"]
[SourceDate "2004.11.15"]
[SourceVersion "1"]
[SourceVersionDate "2004.11.15"]
[SourceQuality "1"]

1. e4 c5 2. Nc3 Nc6 3. Bc4 Nf6 4. a4 d6 5. d3 Nd4 6. Be3 g6 7. Nge2 Nxe2 8. Qxe2 Bg7 9. 0-0-0 0-0 10. f3 e5 11. g4 Nd7 12. h4 h6 13. f4 exf4 14. Bxf4 Ne5 15. Rdg1 Be6 16. g5 h5 17. Nd5 Ng4 18. Ne3 Nxe3 19. Qxe3 Bd4 20. Qg3 Qb6 21. Bxd6 Bxb2+ 22. Kd2 Qb4+ 23. Ke2 Bg4+ 24. Kf1 Bd4 25. Bxf8 Qd2 26. Qe1 Qf4+ 27. Kg2 Qf3+ 28. Kh2 Qh3# 0-1

[Event "ITA-ch U20 24th"]
[Site "Bratto"]
[Date "2001.08.29"]
[Round "8"]
[White "Santacroce, Fidel"]
[Black "Sedani, Elisa"]
[Result "1-0"]
[WhiteElo "1630"]
[BlackElo "1594"]
[PlyCount "97"]
[EventDate "2001.08.22"]
[EventType "swiss"]
[EventRounds "9"]
[EventCountry "ITA"]
[SourceTitle "EXT 2007"]
[Source "ChessBase"]
[SourceDate "2006.11.23"]
[SourceVersion "1"]
[SourceVersionDate "2006.11.23"]
[SourceQuality "1"]

1. e4 c5 2. Nf3 d6 3. d4 cxd4 4. Nxd4 Nf6 5. Nc3 a6 6. Be3 e6 7. f3 Nc6 8. Qd2 Be7 9. Be2 Qc7 10. g4 b5 11. h4 Nxd4 12. Bxd4 e5 13. Be3 Bb7 14. Rh3 d5 15. g5 d4 16. gxf6 dxc3 17. Qxc3 Qxc3+ 18. bxc3 Bxf6 19. Bg5 Be7 20. a4 bxa4 21. Rg3 f6 22. Be3 g5 23. hxg5 fxg5 24. Kd2 h6 25. Rxa4 Kf7 26. Ra5 Rhd8+ 27. Ke1 Bc8 28. Rg1 Bf6 29. Bc4+ Kg6 30. Ke2 h5 31. Rb1 h4 32. Bd5 Rxd5 33. exd5 h3 34. c4 g4 35. Bf2 Bf5 36. c5 e4 37. f4 h2 38. Bg3 Rh8 39. Rh1 Rh3 40. Ra3 Bd4 41. Rxh2 Bxc5 42. Rxa6+ Kh5 43. c4 e3 44. Rc6 Bd4 45. d6 Rxh2+ 46. Bxh2 Be4 47. d7 Bf3+ 48. Kd3 e2 49. d8Q 1-0

[Event "ITA-ch U20 24th"]
[Site "Bratto"]
[Date "2001.08.25"]
[Round "4"]
[White "Palomba, Andrea"]
[Black "Santacroce, Fidel"]
[Result "1-0"]
[WhiteElo "1401"]
[BlackElo "1630"]
[PlyCount "117"]
[EventDate "2001.08.22"]
[EventType "swiss"]
[EventRounds "9"]
[EventCountry "ITA"]
[SourceTitle "EXT 2007"]
[Source "ChessBase"]
[SourceDate "2006.11.23"]
[SourceVersion "1"]
[SourceVersionDate "2006.11.23"]
[SourceQuality "1"]

1. e4 c5 2. Nf3 d6 3. Bc4 e6 4. Nc3 Nf6 5. d4 cxd4 6. Nxd4 a6 7. Be3 b5 8. Bd3 b4 9. Nce2 e5 10. Nb3 Ng4 11. Bd2 a5 12. h3 Nh6 13. c3 Nc6 14. Bb5 Bd7 15. cxb4 Nxb4 16. Bxd7+ Qxd7 17. Bxb4 axb4 18. Qd5 Rc8 19. 0-0 Be7 20. Rac1 0-0 21. Rfd1 Qe6 22. a3 Qxd5 23. Rxd5 Rxc1+ 24. Nexc1 Rc8 25. axb4 Rc4 26. Nd3 Rxe4 27. Ra5 Rc4 28. Ra8+ Bf8 29. b5 e4 30. b6 exd3 31. b7 Rb4 32. b8Q Rxb8 33. Rxb8 f6 34. Kf1 g5 35. Nd4 Kf7 36. Rb7+ Kg6 37. Ne6 Kf5 38. Nxf8 Ke4 39. Rb4+ Kd5 40. Nd7 f5 41. Ke1 Nf7 42. Kd2 Ne5 43. Nxe5 dxe5 44. Kxd3 e4+ 45. Kd2 Ke5 46. Rc4 Kf4 47. b4 h5 48. b5 g4 49. hxg4 hxg4 50. b6 g3 51. fxg3+ Kxg3 52. b7 Kf2 53. b8Q e3+ 54. Kd3 e2 55. Qf4+ Kxg2 56. Kxe2 Kh3 57. Rc3+ Kg2 58. Qg3+ Kh1 59. Rc1# 1-0

[Event "ITA-ch U20 24th"]
[Site "Bratto"]
[Date "2001.08.23"]
[Round "2"]
[White "Buchicchio, Giampaolo"]
[Black "Santacroce, Fidel"]
[Result "1-0"]
[WhiteElo "2179"]
[BlackElo "1630"]
[PlyCount "93"]
[EventDate "2001.08.22"]
[EventType "swiss"]
[EventRounds "9"]
[EventCountry "ITA"]
[SourceTitle "EXT 2007"]
[Source "ChessBase"]
[SourceDate "2006.11.23"]
[SourceVersion "1"]
[SourceVersionDate "2006.11.23"]
[SourceQuality "1"]

1. e4 c5 2. c3 d5 3. exd5 Qxd5 4. d4 Nf6 5. Nf3 Bg4 6. Be2 e6 7. Be3 cxd4 8. cxd4 Be7 9. Nc3 Qd6 10. Qb3 Qb4 11. Bb5+ Nbd7 12. Ne5 Bh5 13. g4 Bg6 14. g5 a6 15. gxf6 axb5 16. fxg7 Rg8 17. Qxb4 Bxb4 18. Nxg6 hxg6 19. Ke2 Bxc3 20. bxc3 Rxg7 21. Rhb1 Ra5 22. Bf4 Kd8 23. a4 g5 24. Bd2 bxa4 25. Rxb7 f6 26. Kf1 Rh7 27. Kg2 Kc8 28. Rb4 Nf8 29. Raxa4 Rxa4 30. Rxa4 Ng6 31. Ra8+ Kb7 32. Re8 Nh4+ 33. Kg3 Nf5+ 34. Kf3 Rh3+ 35. Ke2 Rxh2 36. Rxe6 Ng3+ 37. Kf3 Nh1 38. Be3 f5 39. d5 g4+ 40. Kf4 Rh4 41. Re7+ Kc8 42. Kg5 Rh2 43. Kxf5 Nxf2 44. d6 Rh8 45. d7+ Kd8 46. Ke6 Kc7 47. Re8 1-0

[Event "ITA-ch U20 24th"]
[Site "Bratto"]
[Date "2001.08.22"]
[Round "1"]
[White "Santacroce, Fidel"]
[Black "Sardo, Gabriele"]
[Result "0-1"]
[WhiteElo "1630"]
[BlackElo "2165"]
[PlyCount "74"]
[EventDate "2001.08.22"]
[EventType "swiss"]
[EventRounds "9"]
[EventCountry "ITA"]
[SourceTitle "EXT 2007"]
[Source "ChessBase"]
[SourceDate "2006.11.23"]
[SourceVersion "1"]
[SourceVersionDate "2006.11.23"]
[SourceQuality "1"]

1. e4 c5 2. Nf3 Nc6 3. d4 cxd4 4. Nxd4 g6 5. Be3 Nf6 6. Nc3 Bg7 7. Be2 0-0 8. Qd2 d5 9. exd5 Nxd5 10. Nxd5 Qxd5 11. Bf3 Qc4 12. b3 Qa6 13. Be2 Qa3 14. c3 Rd8 15. Nb5 Qa5 16. b4 Qa4 17. Qc1 Bf5 18. 0-0 Bd3 19. Nc7 Bxe2 20. Re1 Rac8 21. Bf4 Bc4 22. Rb1 e5 23. Bg5 Rd7 24. b5 Na5 25. Re4 Rcxc7 26. f4 f5 27. a3 fxe4 28. Kf2 Nb3 29. Qe3 Bd3 30. Qh3 Bxb1 31. Qe6+ Rf7 32. Qe8+ Rf8 33. Qe6+ Kh8 34. h4 exf4 35. h5 Rxc3 36. hxg6 Qd4+ 37. Ke1 Qe3+ 0-1